Music Quiz

Random Music or Song Quiz

Can you name the mcfly song? Quiz Stats

 Plays Quiz not verified by Sporcle

Score 0/199 Timer 10:00
0 Plays Today
% Correct
and
88%
the
88%
the
88%
the
88%
the
88%
and
88%
the
88%
the
88%
and
88%
the
88%
and
88%
the
88%
a
88%
and
88%
the
88%
and
88%
a
88%
88%
88%
88%
88%
88%
88%
88%
88%
88%
88%
88%
88%
88%
88%
88%
you
84.5%
you
84.5%
you
84.5%
you
84.5%
you
84.5%
you
84.5%
you
84.5%
you
84.5%
love
77.7%
me
77.3%
me
77.3%
me
77.3%
to
69.1%
to
69.1%
to
69.1%
to
69.1%
to
69.1%
to
69.1%
to
69.1%
to
69.1%
to
69.1%
be
63.9%
on
63.5%
do
63.5%
do
63.5%
on
63.5%
so
63.3%
that
62.7%
that
62.7%
that
62.7%
that
62.7%
we
60.4%
go
59%
in
59%
in
59%
% Correct
all
56.5%
no
55.9%
my
55.5%
my
55.5%
my
55.5%
I'm
54.8%
i'm
54.8%
can
51.5%
can
51.5%
i
51.3%
i
51.3%
i
51.3%
i
51.3%
i
51.3%
i
51.3%
i
51.3%
i
51.3%
i
51.3%
when
50.9%
when
50.9%
hear
50.7%
for
50.3%
like
48.9%
like
48.9%
your
48.7%
it's
48.5%
if
48.5%
it's
48.5%
I've
48.2%
want
47.6%
one
46%
know
46%
have
44.9%
don't
44.9%
have
44.9%
things
44.5%
things
44.5%
say
44.3%
say
44.3%
never
43.9%
never
43.9%
been
43.5%
been
43.5%
with
43.1%
Feel
42.5%
what
42.3%
what
42.3%
how
41.4%
you're
41.2%
tell
40.2%
give
39.8%
us
39.4%
us
39.4%
they
38.4%
they
38.4%
cause
38.1%
cause
38.1%
cause
38.1%
cause
38.1%
cause
38.1%
cause
38.1%
can't
37.5%
can't
37.5%
truth
37.1%
truth
37.1%
truth
37.1%
out
36.7%
% Correct
would
36.5%
now
36.5%
now
36.5%
thats
35.3%
that's
35.3%
that's
35.3%
that's
35.3%
lonely
35.1%
just
34.6%
just
34.6%
this
34.6%
gonna
34%
gonna
34%
yeah
33.8%
put
33.6%
friends
33.4%
oh
33.4%
oh
33.4%
oh
33.4%
oh
33.4%
oh
33.4%
oh
33.4%
oh
33.4%
listen
32.4%
trial
31.5%
treat
30.7%
around
30.5%
way
30.5%
around
30.5%
right
30.3%
wrong
29.9%
wait
29.5%
need
29.1%
you'll
28.9%
case
28.7%
much
28.7%
case
28.7%
find
28.2%
lose
28%
shouldn't
28%
accused
27.8%
had
27.8%
messin'
27.6%
something's
26.6%
haven't
26.6%
evidence
26%
plead
25.6%
they're
25.6%
save
25.4%
wish
24.9%
talk
24.5%
finally
24.3%
verdict's
24.1%
them
24.1%
tellin
23.3%
lawyer
21.4%
there's
20.8%
jealousy
20.2%
name
20.2%
doing
19.8%
watch
19%
clear
18.8%
build
17.5%
sit
16.7%
savin
16.3%

You're not logged in!

Compare scores with friends on all Sporcle quizzes.
OR
Log In

Show Comments

Extras

Created Nov 9, 2010ReportNominate
Tags:Song Quiz, McFly

Top Quizzes Today


Score Distribution

Your Account Isn't Verified!

In order to create a playlist on Sporcle, you need to verify the email address you used during registration. Go to your Sporcle Settings to finish the process.

Report this User

Report this user for behavior that violates our Community Guidelines.

Details: